000 00296nam a2200109Ia 4500
008 171211s9999 xx 000 0 und d
245 _aSäure-Basen-Einkaufsführer
245 _cMichael Worlitschek
260 _c2009
650 _xFITNESS
856 _uhttp://down.ebook777.com/063/383042275X.pdf
999 _c349041
_d349041